LEADER 01208nam0 2200337 450 001 000020105 005 20070906091902.0 010 $a88-86359-16-0 100 $a20070612d1995----km-y0itaa50------ba 101 0 $aita 102 $aIT 200 1 $aMura e porte di Roma antica$fa cura di Bruno Brizzi$gtesti di Luisa Cardilli ... [et al.]$gpresentazione di Francesco Rutelli 210 $aRoma$cColombo$dc1995 215 $a294 p.$cill.$d29 cm 225 2 $aRoma nelle immagini 300 $aIn custodia 410 1$12001$aRoma nelle immagini 607 $aRoma$xMura 676 $a725.960945632$v(21. ed.)$9Archi di trionfo, mura, porte monumentali. Roma 702 1$aBrizzi,$bBruno 702 1$aCardilli,$bLuisa 801 0$aIT$bUniversità della Basilicata - B.I.A.$gRICA$2unimarc 912 $a000020105 996 $aMura e porte di Roma antica$986178 997 $aUNIBAS BAS $aLETTERE CAT $aSTD052$b01$c20070612$lBAS01$h1259 CAT $aMDL$b00$c20070904$lBAS01$h0956 CAT $aMDL$b00$c20070906$lBAS01$h0919 FMT Z30 -1$lBAS01$LBAS01$mBOOK$1BASA4$APolo di Matera$2GEN$BCollezione generale$3MSR-L III-123$6105645$5L105645$820070612$f02$FPrestabile Generale LEADER 01238nam--2200397---450- 001 990000541900203316 005 20100709085344.0 010 $a88-13-20210-5 035 $a0054190 035 $aUSA010054190 035 $a(ALEPH)000054190USA01 035 $a0054190 100 $a20010704d1997----km-y0itay0103----ba 101 $aita 102 $aIT 105 $a||||||||001yy 200 1 $aDiritto comunitario delle società$fa cura di Patrizia De pasquale e Gaspare Fiengo 210 $aPadova$cCedam$d1997 215 $aX, 253 p.$d27 cm 225 2 $aBreviari per l'Europa$v2 410 $12001$aBreviari per l'Europa$v2 676 $aSocietà $xDiritto comunitario 676 $a346.4066 702 1$aDE PASQUALE,$bPatrizia 702 1$aFIENGO,$bGspare 801 0$aIT$bsalbc$gISBD 912 $a990000541900203316 951 $aXXIII.4.K. 754 (COLL. PVJ 2)$b14140 G$cXXIII.4.K. 754 (COLL. PVJ)$d00285204 959 $aBK 969 $aGIU 979 $aPATTY$b90$c20010704$lUSA01$h1205 979 $c20020403$lUSA01$h1703 979 $aPATRY$b90$c20040406$lUSA01$h1638 979 $aRSIAV2$b90$c20100709$lUSA01$h0853 996 $aDiritto comunitario delle società$9885822 997 $aUNISA